| 000 | 00406cam a2200157ua 4500 | ||
|---|---|---|---|
| 041 |
_aeng _h |
||
| 082 |
_a930 _bLAZ/MA |
||
| 100 | _aLazarus, Mary . | ||
| 245 |
_aMaking of the modern world / _cMary Lazarus. _hTextual Documents |
||
| 260 |
_aMelbourne : _bMacMillan and Company Limited , _c1961. |
||
| 300 | _a396 ; . | ||
| 504 | _a | ||
| 700 | 1 | _aCoppel, Majoric . | |
| 942 | _cBK | ||
| 999 |
_c410 _d410 |
||